|
|
|
|
| LEADER |
01052pam a22003498a 4500 |
| 001 |
00035853 |
| 005 |
20171026081025.0 |
| 008 |
170103s2014 ||||||Viesd |
| 020 |
# |
# |
|c 90000
|a 978 604 1 01757 3
|
| 041 |
0 |
# |
|a Vie
|
| 082 |
1 |
4 |
|a 181
|b L108T
|
| 100 |
1 |
# |
|a Lão, Tử
|
| 245 |
1 |
0 |
|c Lão Tử; Nguyễn Duy Cần
|a Lão tử đạo đức kinh
|
| 260 |
# |
# |
|a TP. Hồ Chí Minh
|b Trẻ
|c 2014
|
| 300 |
# |
# |
|a 398tr.
|c 19cm.
|b Minh họa
|
| 490 |
# |
# |
|a Tủ sách triết học phương đông
|
| 653 |
# |
# |
|a Lão tủ
|
| 653 |
# |
# |
|a Triết học phương đông
|
| 653 |
# |
# |
|a Đạo đức kinh
|
| 700 |
1 |
# |
|a Nguyễn Duy Cần
|e Dịch và bình chú
|
| 852 |
# |
# |
|b Kho mượn
|j KM.0020235, KM.0020236
|
| 852 |
# |
# |
|b Kho đọc
|j KD.0019342
|
| 852 |
# |
# |
|j KD.0019342
|j KM.0020236
|j KM.0020235
|
| 910 |
0 |
# |
|d 03/01/2017
|
| 980 |
# |
# |
|a Trung tâm Học liệu Lê Vũ Hùng, Trường Đại học Đồng Tháp
|